| 000 | 01822nam a22005177a 4500 | ||
|---|---|---|---|
| 003 | OSt | ||
| 005 | 20230327082249.0 | ||
| 008 | 221006b |||||||| |||| 00| 0 eng d | ||
| 040 | _cBiblioteca Lado V | ||
| 082 |
_a701.1 _bS744a |
||
| 100 |
_9795 _aSrendni de Birbragher, Celia _eeditora _edirectora |
||
| 245 |
_aArtNexus/ _bEl nexo entre Latinoamerica y el resto del mundo/ |
||
| 260 |
_bAsociación de Revistas Culturales _c2001 _aU.S.A. _aColombia |
||
| 300 |
_c21x28cm _a170p. |
||
| 366 | _eeng | ||
| 490 |
_a38 _v2000-2001 _x0120 713 X |
||
| 505 | _tNoticias | ||
| 505 | _tGabriel Orozco | ||
| 505 | _tLuis Fernando Pelaez | ||
| 505 | _tSofia Imber | ||
| 505 | _tThe Santa Helena Group | ||
| 505 | _tEdgar Sanchez | ||
| 505 | _tVasarely at the Fundation Juan March | ||
| 505 | _tDario Escobar | ||
| 505 | _tThe young French generation | ||
| 505 | _tEventa Invokes paradiso | ||
| 505 | _tThe 5th Lyon Biennial | ||
| 505 | _tSotheby;s and Christie's | ||
| 505 |
_tFIA 2000 _aCaracas, Venezuela |
||
| 505 | _tCrónicas | ||
| 505 | _tExposiciones Colectivas | ||
| 505 | _tGuía de Galerías y Museos | ||
| 505 | _tReseña de libros | ||
| 505 | _tLIbros y Catalogos | ||
| 505 | _tLibros para la Venta | ||
| 650 |
_2Tesauro de Arte & Arquitectura _aARTE _9703 |
||
| 650 |
_2Tesauro de Arte & Arquitectura _aEXPOSICIONES |
||
| 650 |
_2Tesauro de Arte & Arquitectura _aBIENAL |
||
| 650 |
_2Tesauro de Arte & Arquitectura _aAPRECIACION |
||
| 650 |
_2Tesauro de Arte & Arquitectura _aTEORIA |
||
| 650 |
_2Tesauro de Arte & Arquitectura _aCRITICA |
||
| 650 |
_2Tesauro de Arte & Arquitectura _aFOTOGRAFIA _9702 |
||
| 650 |
_2Tesauro de Arte & Arquitectura _aLITERATURA |
||
| 651 |
_2Tesauro de Arte & Arquitectura _aCOLOMBIA |
||
| 942 |
_2ddc _c1 _h701.1 _iS744a _n0 |
||
| 999 |
_c3290 _d3290 |
||